LEADER 01300nam a2200301 i 4500 001 000000158445 003 CaOOAMICUS 005 20070207000000.0 008 070207s2006 it u000 u ita u 013 $a135808 020 $a88-514-0395-3 040 $aSeMil$bita 100 1 $aZambon, Mariagrazia.$0(OLS)http://semarc/name/41447 245 13$aLa Turchia č vicina :$bviaggio in un Paese dai mille volti /$cMariagrazia Zambon ; Prefazione di Bernardo Cervellera. 260 $aMilano :$bĀncora,$cCopyr. 2006. 300 $a190 p. ;$c21 cm. 490 0 $aFrontiere 500 $aIn preliminari : Dedica autografa dell'Autore. - Dono del Card. Dionigi Tettamanzi. 650 4$aTurchia - Descrizioni e viaggi.$0(OLS)http://semarc/subject/16965 700 1 $aCervellera, Bernardo.$0(OLS)http://semarc/name/41448 830 0$aFrontiere.$0(OLS)http://semarc/title/1759 850 $aSeMil 852 $aSeMil$W1$xVenegono$y1$m3V III 8$j110096$B110096$CSeMilBibl$Z2$F120909 $81 941 1 $a5 961 $aOmaggio: Tettamanzi Card. Dionigi 996 $6020$a88-514-0395-3$9(OLS)http://semarc/number/73872 996 $6245$aLa Turchia č vicina :$bviaggio in un Paese dai mille volti$9(OLS)http://semarc/title/139918 996 $6260$aMilano :$bĀncora$9(OLS)http://semarc/publisher/29763 LEADER 00616naa a2200133 i 4500 001 000000330307 003 CaOOAMICUS 005 20180831173637.0 008 180831n it u000 u ita u 013 $a42066 040 $aSeMil$bita 245 10$aInterpretazione e valutazione in un protocollo di Max Wertheimer. 773 0 $aColloquio sulla Interpretazione <3. , 1981 ; Macerata>$tInterpretazione e valori.$dGenova : Marietti, 1982.$kPubblicazioni della Facoltā di lettere e filosofia$z8-211-8602-4$gp.43-78$w()167154 996 $6245$aInterpretazione e valutazione in un protocollo di Max Wertheimer$9(OLS)http://semarc/title/418762